Australian NRL Rugby League Teams - Statistics

General Stats
  • This quiz has been taken 62 times
  • The average score is 13 of 17
Answers on the Grid
Answers color-coded by a green-red scale on the quiz's grid according to % correct below.
Western Bulldogs
North Queensland Cowboys
Paramatta Eels
Queensland Reds
Penrith Panthers
Sydney Swans
Canterbury Bulldogs
West Tigers
Melbourne Demons
Manly Sea Eagles
Sydney Roosters
Hawthorn Hawks
South Sydney Rabbitohs
Redcliffe Dolphins
Adelaide Crows
New Zealand Warriors
NSW Waratahs
Western Force
Melbourne Storm
Canberra Raiders
Otago Highlanders
Fremantle Dockers
Hull Kingston Rovers
Gold Coast Titans
Warrington Wolves
Cronulla Sharks
Richmond Tigers
Brisbane Broncos
St George Dragons
Newcastle Knights
 
Answer Stats
Answer % Correct
North Queensland Cowboys
93%
Paramatta Eels
88%
West Tigers
83%
Canterbury Bulldogs
78%
Manly Sea Eagles
78%
New Zealand Warriors
78%
Sydney Roosters
78%
Canberra Raiders
75%
Penrith Panthers
75%
South Sydney Rabbitohs
75%
Brisbane Broncos
73%
Melbourne Storm
73%
Cronulla Sharks
68%
Gold Coast Titans
68%
Newcastle Knights
65%
St George Dragons
63%
Redcliffe Dolphins
53%
No matching quizzes found
Score Distribution
Percent of People with Each Score
Percentile by Number Answered
Your Score History
You have not taken this quiz